000 00384nam a2200145Ia 4500
008 230917s9999||||xx |||||||||||||| ||und||
040 _e124822
_aMAIN
041 _aEnglish
082 _a361 G569I
100 _aGolding, Peter
245 0 _aImages of welfare: press and public attitudes to poverty
260 _aOxford
_bMartin Robertson
_c1982
300 _a283p. p.
942 _cBK
999 _c229849
_d229849